000 00945cam a22002054a 4500
005 20250605164329.0
008 250528s ||||||||||||||||||||||||d
035 _a23174
020 _a9781855394360
040 _aGR-AtMCL
_bgre
_dGR-AtMCL
_eAACR2
245 1 _aFoundations of Mathematics
260 _bBloomsbury,
_c2012
300 _a136
520 _aThis book outlines practice and context which underpin successful mathematical developmenent in children aged 3-7. It is packed full of multi - sensory ideas that trigger children's curiosity, enthusiasm and excitement. Acknowledgements, Introduction, All About Number, Doing Calculations, Working with Shapes, Learning to Measure, Solving Problems, Collecting and Sorting, Stories and Rhymes, Maths Outdoors, Aide Memoire, References and Further Reading.
700 1 _aSkinner Carole
_98754
700 1 _aStevens Judith
_98755
942 _cBK
999 _c8204
_d8204